000 00439nam a2200193Ia 4500
005 20240823025745.0
008 240823s9999||||xx |||||||||||||| ||und||
020 _a978-81-8348-265-3
041 _aENGLISH
082 _A418 P8
100 _aKumkum Gupta
245 0 _aEvery Day Vocabulary
250 _a1st
260 _c2008
_bArihant Publica
500 _aYES
650 _aVocabulary
_bEnglish
942 _cBK
999 _c187080
_d187080